000 00492cam a2200205ua 4500
001 8999
005 20260515114419.0
008 150219n ii |||gr||||Z||||||asm
040 _cMAIN
041 _aasm
082 _a891.3
100 _aSaikia, N.,
_eAuthor.
245 _aPrakrit sahitya
_cBy Nogen Saikia
250 _a1st.
260 _aGuwahati:
_bBani,
_c2013.
300 _a198p.
653 _aEast Indo-European & Celtic literatures
653 _aPrakrit literature
942 _cBK
999 _c8083
_d8083